Countries and Territories of Micronesia - Statistics

General Stats
  • This quiz has been taken 20 times
  • The average score is 5 of 6
Answer Stats
country % Correct
(FS) Micronesia
89%
Marshall Islands
89%
Palau
84%
Nauru
79%
Kiribati
74%
United States (Guam, Northern Marianas Islands)
74%
No matching quizzes found
Score Distribution
Percent of People with Each Score
Percentile by Number Answered
Your Score History
You have not taken this quiz